000 00302nam a22001337a 4500
008 210301b ||||| |||| 00| 0 eng d
020 _a2900763731990
041 _aeng
080 _23th
_a32
100 _a19
101 _aSHP
245 _aDelivering health Care in America
_cShi,L
942 _2udc
_cBK
999 _c55342
_d55342